Ile wiesz o Wrocławiu? - Statystyki

Ogólne statystyki
  • Ten quiz został rozwiązany 210 razy
  • Średni wynik to 7 z 15
Statystyki odpowiedzi
Pytanie Odpowiedź % Poprawnych
Jakie rzeki przepływają przez Wrocław Odra | Widawa | Ślęza | Oława | Bystrzyca
97%
W jakim województwie leży Wrocław Dolnośląskim / Dolnośląskie
95%
Jaki kolor mają wrocławskie tramwaje Niebieski
90%
Jak nazywał się Wrocław przed wojną Breslau
83%
Kto jest prezydentem Wrocławia Jacek Sutryk
82%
W którym roku miała miejsce wielka powódź we Wrocławiu 1997
77%
Jak brzmi stara nazwa hali stulecia Hala Ludowa
47%
Czyj pomnik znajduje się na rynku we Wrocławiu Aleksandra Fredry
46%
Ile metrów wysokości ma Sky Tower 212
39%
Który rok można przyjąć za historyczny początek Wrocławia 1000
22%
W którym roku stanęła iglica na placu solnym 2003
17%
Jaki jest największy most we Wrocławiu Most rędziński
16%
Jaki jest najstarszy park we Wrocławiu Park Szczytnicki
15%
Jak nazywa się najdłuższa ulica we Wrocławiu Ulica Osobowicka
6%
Ile jest krasnali we Wrocławiu około 800
2%
Nie znaleziono quizów pasujących do podanych kryteriów
Rozkład punktacji
Procent ludzi z każdym wynikiem
Percentyl według liczby udzielonych odpowiedzi
Twoja historia wyników
Nie rozwiązałeś tego quizu